Fast typing Days of the Week - Statistics

General Stats
  • This quiz has been taken 37 times
  • The average score is 6 of 7
Answer Stats
Answer % Correct
Monday
96%
Tuesday
92%
Friday
88%
Saturday
88%
Sunday
88%
Thursday
88%
Wednesday
88%
No matching quizzes found
Score Distribution
Percent of People with Each Score
Percentile by Number Answered
Your Score History
You have not taken this quiz